000 00303nam a2200121Ia 4500
008 240731s9999 xx 000 0 und d
022 _a1550-4298
245 0 _aJournal of GLBT Family Studies
260 _bRoutledge
856 _uhttps://www.tandfonline.com/loi/wgfs20
942 _2ddc
942 _cTFEJ
999 _c77744
_d77744
945 _a1
_bMadushi Gamage
_c1
_dMadushi Gamage